006720000a2200109000450024500260000030000670002652003220009377300320041594200080044795200900045599900170054510aMidrás en la Biblia aVol.61, núm.283 (Noviembre-diciembre, 2006), Páginas 12-17 aPor mucho tiempo los biblistas se han estado preguntando a qué clase de literatura se refiere realmente la palabra midrás. Algunos la restringen al grupo de textos conocidos como midrasim. Estos textos... son los que más han ayudado a definir el tipo de literatura que hoy la mayoría denomina como midrás.0 tLa Biblia de las Américas cANA 001040708HEMaFUSBCbFUSBCd2016-01-26l0o r2016-01-26 00:00:00w2016-01-26yANA c62177d62177